[Event "SA-2013-0-00377"]
[Site "LSS email"]
[Date "2013.11.14"]
[Round "?"]
[White "Yarkov, Evgeny Veniaminovic"]
[Black "Aberbach Peltzman, Angel Sergio"]
[Result "1/2-1/2"]
[WhiteElo "1976"]
[BlackElo "2080"]
[PlyCount "40"]
[EventDate "2013.10.30"]
[EventType "tourn (corr)"]
[EventRounds "6"]
[EventCountry "GER"]
[SourceTitle "Corr 2015"]
[Source "ChessBase"]
[SourceDate "2015.07.17"]
[SourceVersion "1"]
[SourceVersionDate "2015.07.17"]
[SourceQuality "1"]

1. e4 e5 2. Nf3 Nc6 3. d4 exd4 4. Nxd4 Bc5 5. Be3 Qf6 6. c3 Nge7 7. Bc4 0-0 8. 0-0 Bb6 9. Na3 Qg6 10. Re1 Ne5 11. Bf1 d6 12. Nc4 Bg4 13. Nxe5 dxe5 14. Nf3 Nc6 15. Bxb6 Rfd8 16. Bd4 exd4 17. Qd3 dxc3 18. Qxc3 Bxf3 19. Qxf3 Rd7 20. Qc3 Nd4 1/2-1/2

[Event "SA-2013-0-00377"]
[Site "LSS email"]
[Date "2013.11.14"]
[Round "?"]
[White "Yarkov, Evgeny Veniaminovic"]
[Black "Kuzmin, Konstantin"]
[Result "0-1"]
[WhiteElo "1976"]
[BlackElo "2167"]
[PlyCount "80"]
[EventDate "2013.10.30"]
[EventType "tourn (corr)"]
[EventRounds "6"]
[EventCountry "GER"]
[SourceTitle "Corr 2015"]
[Source "ChessBase"]
[SourceDate "2015.07.17"]
[SourceVersion "1"]
[SourceVersionDate "2015.07.17"]
[SourceQuality "1"]

1. e4 c5 2. Nf3 Nc6 3. d4 cxd4 4. Nxd4 Nf6 5. Nc3 e5 6. Ndb5 d6 7. Bg5 a6 8. Na3 b5 9. Bxf6 gxf6 10. Nd5 f5 11. Bd3 Be6 12. c3 Bg7 13. Nxb5 axb5 14. Bxb5 Bd7 15. exf5 Rb8 16. a4 Rg8 17. 0-0 Ne7 18. Bxd7+ Qxd7 19. a5 Nxd5 20. Qxd5 Ke7 21. a6 Qb5 22. Qd2 Ra8 23. c4 Qc6 24. Rfd1 Bf6 25. Qd5 Qxd5 26. Rxd5 Rgc8 27. b3 Rc6 28. Rda5 Kd7 29. R1a2 Rb6 30. R5a3 Bg5 31. g4 Ra7 32. Ra1 Bd2 33. Kg2 Kc6 34. h4 Bb4 35. Ra4 Bc3 36. R1a3 Bb2 37. Ra2 Rxb3 38. g5 Bd4 39. h5 Kc5 40. f3 Kc6 0-1

[Event "CP-2013-P-00021"]
[Site "LSS email"]
[Date "2013.09.30"]
[Round "?"]
[White "Meyer, Frank"]
[Black "Yarkov, Evgeny Veniaminovic"]
[Result "0-1"]
[WhiteElo "553"]
[BlackElo "1993"]
[PlyCount "58"]
[EventDate "2013.10.01"]
[EventType "tourn (corr)"]
[EventRounds "6"]
[EventCountry "GER"]
[SourceTitle "Telechess CBM 167"]
[Source "ChessBase"]
[SourceDate "2015.07.13"]
[SourceVersion "1"]
[SourceVersionDate "2015.07.13"]
[SourceQuality "1"]

1. d4 d5 2. c4 c6 3. cxd5 cxd5 4. Nf3 Nf6 5. Nc3 Nc6 6. Bg5 e6 7. e3 Be7 8. Bb5 0-0 9. 0-0 Bd7 10. Rc1 Rc8 11. a3 a6 12. Ba4 Na5 13. Bxd7 Nxd7 14. Bxe7 Qxe7 15. b4 Nc4 16. Nb1 Rc7 17. Nfd2 Rfc8 18. Nxc4 Rxc4 19. Qd2 Nb6 20. Rc3 h6 21. Rfc1 Na4 22. Rxc4 Rxc4 23. Rxc4 dxc4 24. Nc3 Nxc3 25. Qxc3 b5 26. a4 Qg5 27. a5 Qf5 28. Kf1 Qb1+ 29. Qe1 Qb2 0-1

[Event "SA-2012-0-00327"]
[Site "LSS email"]
[Date "2013.01.18"]
[Round "?"]
[White "Khan, Valery"]
[Black "Yarkov, Evgeny Veniaminovic"]
[Result "1/2-1/2"]
[WhiteElo "2204"]
[BlackElo "2013"]
[PlyCount "65"]
[EventDate "2012.12.25"]
[EventType "tourn (corr)"]
[EventRounds "6"]
[EventCountry "GER"]
[SourceTitle "Telechess CBM 163"]
[Source "ChessBase"]
[SourceDate "2014.11.11"]
[SourceVersion "2"]
[SourceVersionDate "2014.11.11"]
[SourceQuality "1"]

1. e4 c5 2. Nf3 Nc6 3. Bb5 d6 4. 0-0 Bd7 5. c3 Nf6 6. Re1 a6 7. Bf1 Bg4 8. d3 e6 9. Nbd2 Be7 10. h3 Bh5 11. g4 Bg6 12. Nh4 Nd7 13. Nxg6 hxg6 14. Nf3 Nde5 15. Nxe5 dxe5 16. Be3 0-0 17. a3 a5 18. a4 g5 19. Be2 Re8 20. Qd2 b6 21. Kg2 Ra7 22. Rh1 Rd7 23. h4 gxh4 24. g5 f5 25. exf5 exf5 26. d4 Kf8 27. Rxh4 cxd4 28. Rh8+ Kf7 29. Bh5+ g6 30. Rh7+ Kf8 31. Bxg6 dxe3 32. Qe2 Bc5 33. Rh8+ 1/2-1/2

[Event "BI-2011-F-00014"]
[Site "LSS email"]
[Date "2012.02.12"]
[Round "?"]
[White "Bergmann, Paulo Fernando Brit"]
[Black "Yarkov, Evgeny Veniaminovic"]
[Result "1/2-1/2"]
[WhiteElo "2062"]
[BlackElo "2020"]
[PlyCount "64"]
[EventDate "2012.02.15"]
[EventType "tourn (corr)"]
[EventRounds "10"]
[EventCountry "GER"]
[SourceTitle "Telechess CBM 165"]
[Source "ChessBase"]
[SourceDate "2015.03.11"]
[SourceVersion "1"]
[SourceVersionDate "2015.03.11"]
[SourceQuality "1"]

1. d4 d5 2. c4 c6 3. Nf3 Nf6 4. Nc3 e6 5. e3 Nbd7 6. Qc2 Bd6 7. Bd3 dxc4 8. Bxc4 0-0 9. 0-0 a6 10. Rd1 b5 11. Be2 Qc7 12. Ne4 Nxe4 13. Qxe4 Bb7 14. Bd3 g6 15. Qh4 c5 16. Ng5 h5 17. Ne4 Bxe4 18. Bxe4 Rae8 19. Bf3 Be7 20. Qe4 Nf6 21. Qc2 Rc8 22. dxc5 Bxc5 23. a4 Rfd8 24. axb5 axb5 25. Bd2 b4 26. Qa4 Rb8 27. Be1 Rdc8 28. Rac1 Qb6 29. Rc2 Bf8 30. Rdc1 Rxc2 31. Qxc2 Qb5 32. g3 Nd5 1/2-1/2

[Event "BI-2011-F-00014"]
[Site "LSS email"]
[Date "2012.02.12"]
[Round "?"]
[White "Soreghy, Janos"]
[Black "Yarkov, Evgeny Veniaminovic"]
[Result "1/2-1/2"]
[WhiteElo "1763"]
[BlackElo "2020"]
[PlyCount "84"]
[EventDate "2012.02.15"]
[EventType "tourn (corr)"]
[EventRounds "10"]
[EventCountry "GER"]
[SourceTitle "Telechess CBM 165"]
[Source "ChessBase"]
[SourceDate "2015.03.11"]
[SourceVersion "1"]
[SourceVersionDate "2015.03.11"]
[SourceQuality "1"]

1. d4 d5 2. c4 c6 3. Nf3 Nf6 4. Nc3 e6 5. Bg5 h6 6. Bh4 dxc4 7. e4 g5 8. Bg3 b5 9. Be2 Bb7 10. Ne5 Nbd7 11. Qc2 Bg7 12. Rd1 Qb6 13. 0-0 0-0 14. b3 cxb3 15. axb3 Rad8 16. b4 a5 17. bxa5 Qxa5 18. Ra1 Qb6 19. Rfd1 Ne8 20. Qb3 Nxe5 21. Na4 Qc7 22. Nc5 Qe7 23. Nxb7 Qxb7 24. dxe5 Nc7 25. h4 Rxd1+ 26. Rxd1 b4 27. hxg5 hxg5 28. Bc4 Ra8 29. Qe3 Ne8 30. Kh2 Qe7 31. Qb6 c5 32. Qc6 Ra7 33. Bb5 Kf8 34. Rd6 b3 35. Qxc5 b2 36. Rd8 Kg8 37. Qxe7 Rxe7 38. Bd3 Kh7 39. Rb8 Rd7 40. Bc2 Rd2 41. Rxb2 Rxf2 42. Ra2 Re2 1/2-1/2

[Event "BI-2011-F-00014"]
[Site "LSS email"]
[Date "2012.02.12"]
[Round "?"]
[White "Yarkov, Evgeny Veniaminovic"]
[Black "Laczay, Istvan"]
[Result "1-0"]
[WhiteElo "2020"]
[BlackElo "1490"]
[PlyCount "55"]
[EventDate "2012.02.15"]
[EventType "tourn (corr)"]
[EventRounds "10"]
[EventCountry "GER"]
[SourceTitle "Telechess CBM 165"]
[Source "ChessBase"]
[SourceDate "2015.03.11"]
[SourceVersion "1"]
[SourceVersionDate "2015.03.11"]
[SourceQuality "1"]

1. e4 c5 2. Nf3 d6 3. d4 cxd4 4. Nxd4 Nf6 5. Nc3 a6 6. Bg5 e6 7. f4 Qb6 8. Qd2 Qxb2 9. Rb1 Qa3 10. e5 h6 11. Bh4 dxe5 12. fxe5 g5 13. exf6 gxh4 14. Be2 Nd7 15. 0-0 Qa5 16. Kh1 Qg5 17. Rf4 Nxf6 18. Ndb5 Be7 19. Nd6+ Kf8 20. Nxf7 Kxf7 21. Ne4 Qe5 22. Nxf6 Bxf6 23. Rbf1 Ke8 24. Rxf6 h3 25. Bf3 Bd7 26. Rxh6 Rxh6 27. Qxh6 Bb5 28. c4 1-0

[Event "BI-2011-P-00007"]
[Site "LSS email"]
[Date "2011.04.17"]
[Round "?"]
[White "Yarkov, Evgeny Veniaminovic"]
[Black "Lauer, Fredric"]
[Result "1-0"]
[WhiteElo "2056"]
[BlackElo "1038"]
[PlyCount "45"]
[EventDate "2011.04.20"]
[EventType "tourn (corr)"]
[EventRounds "10"]
[EventCountry "GER"]
[SourceTitle "Telechess CBM 151"]
[Source "ChessBase"]
[SourceDate "2012.11.13"]
[SourceVersion "1"]
[SourceVersionDate "2012.11.13"]
[SourceQuality "1"]

1. e4 d5 2. exd5 Qxd5 3. Nc3 Qa5 4. d4 Nf6 5. Nf3 Bf5 6. Bd2 c6 7. Bc4 Qc7 8. Ne5 e6 9. g4 Bg6 10. h4 Nbd7 11. Qe2 Bb4 12. 0-0-0 Bxc3 13. Bxc3 Nxe5 14. dxe5 Nd5 15. h5 Nxc3 16. bxc3 Qa5 17. hxg6 Qxc3 18. gxf7+ Ke7 19. Kb1 b5 20. Bb3 a5 21. Rd3 Qb4 22. Qf3 a4 23. Qxc6 1-0

[Event "ZH-2011-0-00557"]
[Site "LSS email"]
[Date "2011.03.28"]
[Round "?"]
[White "Ederer, Karel"]
[Black "Yarkov, Evgeny Veniaminovic"]
[Result "1-0"]
[WhiteElo "2140"]
[BlackElo "2029"]
[PlyCount "91"]
[EventDate "2011.03.21"]
[EventType "match (corr)"]
[EventRounds "2"]
[EventCountry "GER"]
[SourceTitle "Telechess CBM 147"]
[Source "ChessBase"]
[SourceDate "2012.03.16"]
[SourceVersion "1"]
[SourceVersionDate "2012.03.16"]
[SourceQuality "1"]

1. e4 c5 2. Nf3 Nc6 3. d4 cxd4 4. Nxd4 d6 5. Nc3 Nf6 6. Bg5 e6 7. Qd2 a6 8. 0-0-0 Bd7 9. f4 b5 10. a3 Be7 11. Nf3 b4 12. axb4 Nxb4 13. Kb1 h6 14. Bxf6 gxf6 15. Bc4 Qc7 16. Qe2 Qb6 17. Nd4 Rb8 18. Bb3 e5 19. Nf5 Nxc2 20. Qxc2 Bxf5 21. Ba4+ Bd7 22. Nd5 Qxb2+ 23. Qxb2 Rxb2+ 24. Kxb2 Bxa4 25. Ra1 Bb5 26. Nc7+ Kd7 27. Nxb5 Rb8 28. Rxa6 Rxb5+ 29. Ka2 exf4 30. Rb1 Rg5 31. Rb7+ Ke6 32. Ra8 d5 33. exd5+ Rxd5 34. Re8 Rd7 35. Rxd7 Kxd7 36. Rh8 Ke6 37. Kb3 f3 38. gxf3 Kf5 39. Rxh6 Kg5 40. Rh8 f5 41. Kc4 Bf6 42. h4+ Kf4 43. Rh6 Bb2 44. Rb6 Bg7 45. Ra6 Bf8 46. Ra7 1-0

[Event "FICGS class M 000043 email"]
[Site "FICGS email"]
[Date "2011.01.13"]
[Round "1"]
[White "Nadanian, Ashot"]
[Black "Yarkov, Evgeny Veniaminovic"]
[Result "1-0"]
[WhiteElo "2257"]
[BlackElo "2200"]
[PlyCount "95"]
[EventDate "2011.??.??"]
[EventType "tourn (corr)"]
[EventRounds "1"]
[SourceTitle "Corr 2013"]
[Source "ChessBase"]
[SourceDate "2012.11.12"]
[SourceVersion "1"]
[SourceVersionDate "2012.11.12"]
[SourceQuality "1"]

1. d4 d5 2. c4 c6 3. Nc3 Nf6 4. e3 e6 5. Nf3 Nbd7 6. Bd3 dxc4 7. Bxc4 b5 8. Bd3 a6 9. e4 c5 10. e5 cxd4 11. Nxb5 axb5 12. exf6 gxf6 13. 0-0 Qb6 14. Qe2 Bb7 15. Bxb5 Rg8 16. a4 e5 17. Nh4 Qe6 18. f3 Be7 19. Qc2 e4 20. fxe4 Rc8 21. Qf2 Bxe4 22. Bd2 d3 23. b4 f5 24. Nxf5 Bxg2 25. Rae1 Bc6+ 26. Ng3 Qd5 27. Bxc6 Rxc6 28. Qf3 Qxf3 29. Rxf3 f6 30. Rxd3 Ne5 31. Rb3 Kf7 32. Re4 Rc2 33. Be1 Ra2 34. a5 Rb8 35. Rbe3 Ra1 36. Kg2 Rb1 37. Bc3 Bxb4 38. Bxe5 fxe5 39. Rxe5 Ra1 40. Rf5+ Kg7 41. Rb3 Bd6 42. Rxb8 Bxb8 43. Rb5 Bxg3 44. hxg3 Kf7 45. Kf3 Ke7 46. Kf4 Kd7 47. Kg5 Kd6 48. g4 1-0

[Event "FICGS class M 000038 email"]
[Site "FICGS email"]
[Date "2010.06.16"]
[Round "1"]
[White "Tomov, Georgi"]
[Black "Yarkov, Evgeny Veniaminovic"]
[Result "1-0"]
[WhiteElo "2370"]
[BlackElo "2225"]
[PlyCount "47"]
[EventDate "2010.??.??"]
[EventType "tourn (corr)"]
[EventRounds "6"]
[SourceTitle "Corr 2013"]
[Source "ChessBase"]
[SourceDate "2012.11.12"]
[SourceVersion "1"]
[SourceVersionDate "2012.11.12"]
[SourceQuality "1"]

1. d4 d5 2. c4 c6 3. e3 Nf6 4. Nc3 e6 5. Nf3 Nbd7 6. Qc2 Bd6 7. g4 dxc4 8. Bxc4 e5 9. g5 Nd5 10. Ne4 Bc7 11. Bd2 exd4 12. Nxd4 Ne5 13. Be2 0-0 14. h4 Bb6 15. 0-0-0 Qe7 16. Rhg1 Re8 17. h5 a6 18. Bc3 Kh8 19. h6 g6 20. f4 Bd7 21. fxe5 Nxc3 22. Qxc3 Qxe5 23. Rgf1 c5 24. Nd6 1-0

[Event "FICGS class M 000038 email"]
[Site "FICGS email"]
[Date "2010.06.16"]
[Round "1"]
[White "Yarkov, Evgeny Veniaminovic"]
[Black "Oortwijn, Ron A"]
[Result "1/2-1/2"]
[WhiteElo "2225"]
[BlackElo "2226"]
[PlyCount "62"]
[EventDate "2010.??.??"]
[EventType "tourn (corr)"]
[EventRounds "6"]
[SourceTitle "Corr 2013"]
[Source "ChessBase"]
[SourceDate "2012.11.12"]
[SourceVersion "1"]
[SourceVersionDate "2012.11.12"]
[SourceQuality "1"]

1. e4 c5 2. Nf3 d6 3. d4 cxd4 4. Nxd4 Nf6 5. Nc3 a6 6. Bg5 e6 7. f4 Qb6 8. Qd2 Qxb2 9. Rb1 Qa3 10. e5 h6 11. Bh4 dxe5 12. fxe5 g5 13. exf6 gxh4 14. Be2 Qa5 15. 0-0 Nd7 16. Kh1 Qg5 17. Rf4 e5 18. Nd5 exd4 19. Nc7+ Kd8 20. Nxa8 d3 21. Bxd3 Bd6 22. Rbf1 Bxf4 23. Rxf4 Re8 24. h3 Re6 25. Qb4 Qc5 26. a4 b6 27. Qxc5 bxc5 28. a5 Bb7 29. Nb6 Nxb6 30. axb6 Rxb6 31. Rf5 Rc6 1/2-1/2

[Event "LSS BI-2008-P-00010"]
[Site "LSS email"]
[Date "2008.04.27"]
[Round "?"]
[White "Callow, Christopher"]
[Black "Yarkov, Evgeny Veniaminovic"]
[Result "1-0"]
[WhiteElo "2042"]
[BlackElo "2073"]
[PlyCount "55"]
[EventDate "2008.04.27"]
[EventType "tourn (corr)"]
[EventRounds "10"]
[EventCountry "GER"]
[SourceTitle "Corr 2013"]
[Source "ChessBase"]
[SourceDate "2012.11.12"]
[SourceVersion "1"]
[SourceVersionDate "2012.11.12"]
[SourceQuality "1"]
[WhiteTeam "US of America"]
[BlackTeam "US of America"]
[WhiteTeamCountry "USA"]
[BlackTeamCountry "USA"]

1. e4 c5 2. Nf3 Nc6 3. d4 cxd4 4. Nxd4 d6 5. Nc3 Nf6 6. Bg5 e6 7. Qd2 a6 8. 0-0-0 Bd7 9. f4 b5 10. Bxf6 gxf6 11. Kb1 Qb6 12. Nxc6 Bxc6 13. Qe1 Ra7 14. f5 Be7 15. Bd3 0-0 16. Qh4 Kh8 17. Qh6 b4 18. Ne2 e5 19. Ng3 Rg8 20. Bc4 Rg7 21. Nh5 Rxg2 22. Nxf6 Rg7 23. Nh5 Rg2 24. Bxf7 Qf2 25. Bb3 Bxe4 26. Rhf1 Qe2 27. Ng3 Bxc2+ 28. Ka1 1-0